000
00257nam a2200097Ia 4500
005
20251222113742.0
008
251222s1900||||xx |||||||||||||| ||spa||
082
_a
DVD0150/P27/2004
245
0
_a
El evangelio segĂșn San Mateo:Il Vangelo Secondo Mateo
942
_c
DVD
999
_c
658
_d
658